Καθεστώτα ιστορικότητας : παροντισμός και εμπειρίες του χρόνου

Αποθηκεύτηκε σε:
Λεπτομέρειες βιβλιογραφικής εγγραφής
Κύριος συγγραφέας: Hartog, Francois
Άλλοι συγγραφείς: Κουσουρής, Δημήτρης (Μεταφραστής)
Μορφή: Βιβλίο
Γλώσσα:Greek
French
Δημοσίευση: Αθήνα: Αλεξάνδρεια, 2014.
Σειρά:Νεότερη και σύγχρονη ιστορία (Αλεξάνδρεια)
Θέματα:
Ετικέτες: Προσθήκη ετικέτας
Δεν υπάρχουν, Καταχωρήστε ετικέτα πρώτοι!

MARC

LEADER 00000cam a2200000 a 4500
001 1/112587
008 161221s2014####gr | ||| |||| ||gre||
020 |a 9789602215548  
040 |a GR-MyUa  |b gre  |c GR-MyUa  |e AACR2 
041 0 |a gre  |h fre 
082 7 |a 901   |2 (23)  
100 1 |a Hartog, Francois. 
245 1 0 |a Καθεστώτα ιστορικότητας :   |b παροντισμός και εμπειρίες του χρόνου /   |c Francois Hartog ; μετάφραση Δημήτρης Κουσουρής.  
260 |a Αθήνα:   |b Αλεξάνδρεια,   |c 2014.  
300 |a 270 σ. ;   |c 25 εκ.  
490 1 |a (Νεότερη και σύγχρονη ιστορία)  
500 |a Τίτλος πρωτοτύπου: Regimes d' historicite: presentime et experiences du temps.  
504 |a Περιλαμβάνει ευρετήριο.  
650 0 |a Historiography. 
700 1 |a Κουσουρής, Δημήτρης,  |e trl 
830 0 |a Νεότερη και σύγχρονη ιστορία (Αλεξάνδρεια) 
852 |a INST  |b LESVOS  |e 20161221  |h 901 HAR  |p 005100058159  |q 005100058159  |t BK  |y 0 
970 |a Τζαφέρη  |b Ευαγγελία  |z 21-12-2016